1198 1278 1290 1605 1313 1171 1583 1906 1998 1544 1344 1785 1124 1025 1296 1733 1385 1640 1033 1549 1728 1878 1690 1031 1152 1694 1093 1689 1109 1362 1278 1901 1106 1337 1786 1487 1607 1824 1148 1984 1431 1798 1155 1743 1200 1670 1199 1140 1110 1446 1365 1409 1297 1268 1088 1747 1928 1043 1030 1347 1891 1708 1587 1397 1327 1593 1775 1663 1234 1518 1182 1842 1809 1192 1672 1069 1556 1653 1626 1840 1893 1644 1434 1739 1238 1991 1521 1530 1718 1169 1261 1952 1015 1960 1655 1594 1232 1213 1545 BCNSPRNW ULIB Ver.6.0+V

เปลี่ยนเป็นภาษาไทย

Change to English
 แสดงรายละเอียดบรรณานุกรม
  กลับหน้าหลัก

Brief Record : Get Marc (ISO 2709) : E-mail record : QR code < ปิดหน้าต่าง
LEADER : 00000nam 2200000uu 4500
001    13399113558
003     ULIB
008    111128s2549||||th 000 0 tha d
020    ^a9749480031
090    ^aนว.^bก323ก 2549
100 0  ^aกวิตา
245 00 ^aกุญแจรักประตูใจ/^cกวิตา
250    ^aพิมพ์ครั้งที่ 1
260    ^aกรุงเทพฯ :^bfine book,^c2549
300    ^a284 หน้า
710 1  ^afine book
945    ^p185^l0^i24893
995    ^aกัณชพร
999    ^aใช้งานได้ทุกระบบ
รายการนี้ยังไม่มีแท็ก
คุณยังไม่ได้ล็อกอิน คุณสามารถมีกิจกรรมร่วมกับเว็บไซต์ได้ แต่ต้องล็อกอินก่อน ::
  ล็อกอิน

รายการสื่อสารสนเทศ

ลำดับที่ ประเภท เลขเรียก/บาร์โค้ด สถานที่ สถานะ
1. วิทยาศาสตร์การแพทย์ และสุขภาพ
วิทยาศาสตร์การแพทย์ และสุขภาพ
นว. ก323ก 2549  
  Barcode: 24893
ห้องสมุดวิทยาเขตสวรรค์ประชารักษ์
►นวนิยาย
บนชั้น
  ขอยืม

รายการใกล้เคียง
    ผู้แต่ง [กวิตา]

BibComment


ยังไม่เคยถูกคอมเมนท์

คอมเมนท์ทรัพยากรรายการนี้
  คอมเมนท์: กุญแจรักประตูใจ ..


 Copyright 2026. Bcnsprnw @Library